El infinito en el pensamiento de la antiguedad clásica
Salvato in:
| Autore principale: | |
|---|---|
| Natura: | Libro |
| Lingua: | spagnolo |
| Pubblicazione: |
Buenos Aires
EUDEBA
1971
|
| Edizione: | 2a. ed |
| Serie: | Temas de Eudeba, Filosofía
|
| Soggetti: | |
| Tags: |
Aggiungi Tag
Nessun Tag, puoi essere il primo ad aggiungerne!!
|
MARC
| LEADER | 00000nam a2200000 a 4500 | ||
|---|---|---|---|
| 001 | UCH1146 | ||
| 003 | CL-VaPUC | ||
| 008 | 090409e19710000AG |||||||||||||||||spa|d | ||
| 082 | 0 | 4 | |a 111.6 |b MON |2 21 |
| 100 | |a Mondolfo, Rodolfo |e autor |9 339183 | ||
| 245 | 1 | 3 | |a El infinito en el pensamiento de la antiguedad clásica |
| 250 | |a 2a. ed | ||
| 300 | |a 446 p | ||
| 942 | |c BK | ||
| 945 | |d 20090409 00:00:00 |a rbrito | ||
| 260 | |a Buenos Aires |b EUDEBA |c 1971 | ||
| 650 | 0 | |a Infinito |9 312136 | |
| 650 | 0 | |a Pensamiento filosófico |9 392662 | |
| 650 | 0 | |a Ontología |9 256850 | |
| 650 | 0 | |a Teología |9 258766 | |
| 650 | 0 | |a Filosofía griega |9 265579 | |
| 650 | 0 | |a Número infinito |9 417794 | |
| 583 | |a last modification |c 20090409 00:00:00 |k Rodrigo Vera | ||
| 490 | 0 | |a Temas de Eudeba, Filosofía | |
| 999 | |c 333221 |d 333219 | ||
| 952 | |0 0 |1 0 |4 0 |6 111_600000000000000_MON_1971 |7 0 |8 A |9 421437 |a BIBCUR |b BIBCUR |d 2019-11-22 |i 4532546 |o 111.6 MON 1971 |p 4532546 |r 2025-04-22 |w 2019-11-22 |y BK |k FIS | ||